[Event "AUTO-ADV-1320"]
[Site "http://www.queenalice.com/game.php?id=615954"]
[Date "2009.7.9"]
[Round "2"]
[White "pessoa"]
[Black "Richardlim"]
[Result "1/2-1/2"]
[WhiteElo "1998"]
[BlackElo "2241"]

1. d4 Nf6 2. Nf3 e6 3. Bg5 c5 4. c3 h6 5. Bxf6 Qxf6 6. e3 Nc6 7. Bd3 d5 8. O-O
Be7 9. Bb5 O-O 10. Nbd2 Ne5 11. Nxe5 Bd6 12. Ndf3 Qd8 13. Ba4 Qb6 14. Qb1 cxd4
15. cxd4 f6 16. Ng6 Rd8 17. Rc1 Qb4 18. Qc2 Bd7 19. Bxd7 Rxd7 20. a3 Qb5 21. a4
Qa5 22. Qd3 Rc7 23. Rxc7 Qxc7 24. h4 Rc8 25. h5 Qc2 26. Qb5 Qc6 27. Ne1 Rc7 28.
Qa5 b6 29. Qd2 Qc4 30. Qd1 Kf7 31. Nh4 Rc8 32. Qg4 Qb3 33. Qg6+ Kf8 34. Nd3 Kg8
35. Nf3 Qc4 36. Kh1 Qc7 37. Rc1 Qd7 38. Kg1 Rxc1+ 39. Nxc1 Qxa4 40. b3 Qa1 41.
Qe8+ Kh7 42. Qc6 Ba3 43. Qxe6 Qxc1+ 44. Kh2 Qc2 45. Qxd5 Qxf2 46. Qe4+ Kh8 47.
Qa8+ Kh7 48. Qe4+ Kh8 49. Qa8+ Kh7 50. Qe4+ 1/2-1/2

[Event "AUTO-ADV-1320"]
[Site "http://www.queenalice.com/game.php?id=615955"]
[Date "2009.7.9"]
[Round "2"]
[White "Richardlim"]
[Black "pessoa"]
[Result "1-0"]
[WhiteElo "2215"]
[BlackElo "2017"]

1. c4 Nf6 2. Nc3 e5 3. Nf3 Nc6 4. g3 Nd4 5. Bg2 Nxf3+ 6. Bxf3 Bc5 7. O-O O-O 8.
d3 d5 9. cxd5 Bh3 10. Re1 Qd6 11. Bg5 Qb6 12. e3 Bb4 13. Rc1 Ne8 14. e4 Bc5 15.
Re2 Bd7 16. Na4 Bxa4 17. Qxa4 f5 18. Kg2 Kh8 19. Qc4 fxe4 20. dxe4 Bb4 21. a3
Bd6 22. Rec2 Rc8 23. Be3 Qa5 24. Bd2 Qb6 25. Qa4 Be7 26. Be3 Qf6 27. Bh5 g6 28.
Bg4 Ra8 29. Rxc7 Nxc7 30. Rxc7 h5 31. Be2 a5 32. Qd7 Rae8 33. Bc5 b6 34. Bxe7
Qxf2+ 35. Kh3 Qf7 36. d6 Rg8 37. Bf6+ Rg7 38. Qxf7 1-0

[Event "Challenge"]
[Site "http://www.queenalice.com/game.php?id=636244"]
[Date "2009.8.14"]
[Round "-"]
[White "pessoa"]
[Black "Ebbe"]
[Result "0-1"]
[WhiteElo "2067"]
[BlackElo "1892"]

1. d4 d5 2. Nf3 c5 3. Bf4 Nf6 4. e3 Bg4 5. Bxb8 Rxb8 6. Bb5+ Bd7 7. a4 Qa5+ 8.
c3 Bxb5 9. Ra3 Bd7 10. dxc5 Qxc5 11. b4 Qc7 12. Ne5 Qxe5 13. O-O e6 0-1

[Event "Challenge"]
[Site "http://www.queenalice.com/game.php?id=680195"]
[Date "2009.11.9"]
[Round "-"]
[White "Jorgecas"]
[Black "pessoa"]
[Result "0-1"]
[WhiteElo "1588"]
[BlackElo "2008"]

1. e4 c5 2. Qf3 e6 3. Na3 a6 4. d3 Nc6 5. c3 d5 6. exd5 exd5 7. c4 Nd4 8. Qxd5
Qe7+ 9. Be2 Nf6 10. Qg5 g6 11. Qe3 Be6 12. Nf3 Ng4 13. Qd2 Bh6 14. Qc3 Bg7 15.
Nxd4 Bxd4 16. Qd2 Bxf2+ 17. Kd1 Ne3+ 18. Qxe3 Bxe3 19. Bxe3 Bg4 20. Bxg4 Qxe3
21. Re1 Qxe1+ 22. Kxe1 f5 23. Bf3 O-O-O 24. Rd1 Rhe8+ 25. Kf1 Kc7 26. Nc2 b5 27.
Na3 Kb6 28. cxb5 axb5 29. Be2 Rd4 30. Nc2 Rh4 31. Re1 Rxh2 32. d4 Rh1+ 33. Kf2
Rxe1 34. Kxe1 Ra8 35. dxc5+ Kxc5 36. a3 Rd8 37. b4+ Kb6 38. Bd1 h5 39. Ne3 f4
40. Nf1 Ra8 41. Bf3 Rxa3 42. Be4 g5 43. Bf5 Ra4 44. Bg6 h4 45. Kf2 Rxb4 46. Nd2
Rb2 47. Ke2 f3+ 48. gxf3 h3 49. f4 h2 50. Be4 gxf4 51. Kd3 Kc5 52. Nf1 Rf2 53.
Nd2 f3 54. Ke3 Rg2 55. Bxf3 h1=Q 56. Bxg2 Qxg2 57. Ne4+ Kb6 58. Kd4 b4 59. Nc5
Qf2+ 60. Kc4 Qxc5+ 61. Kb3 Qc3+ 62. Ka4 Qa3# 0-1

[Event "AUTO-MASTER-953"]
[Site "http://www.queenalice.com/game.php?id=681246"]
[Date "2009.11.11"]
[Round "1"]
[White "aormic"]
[Black "pessoa"]
[Result "1/2-1/2"]
[WhiteElo "2235"]
[BlackElo "2037"]

1. d4 Nf6 2. c4 e6 3. Nc3 Bb4 4. e3 O-O 5. Bd3 Re8 6. Nf3 d5 7. O-O Bxc3 8. bxc3
Nc6 9. Qc2 g6 10. cxd5 exd5 11. Nd2 Qd6 12. e4 dxe4 13. Nxe4 Nxe4 14. Bxe4 Be6
15. Bd3 Bd5 16. Bd2 Rad8 17. Rfe1 Kg7 18. Rab1 f6 19. Be4 b6 20. Bxd5 Qxd5 21.
Bf4 Qf7 22. Re2 g5 23. Be3 Qh5 24. Rbe1 Rd5 25. f3 a5 26. Bf2 Rxe2 27. Qxe2 Qf7
28. Bg3 Rd7 29. Qe4 Ne7 30. Qe6 Qxe6 31. Rxe6 Nd5 32. c4 Nc3 33. a3 Rxd4 34.
Bxc7 Na4 35. Bxb6 Nxb6 36. Rxb6 Rxc4 37. Rb3 1/2-1/2

[Event "AUTO-MASTER-953"]
[Site "http://www.queenalice.com/game.php?id=681247"]
[Date "2009.11.11"]
[Round "1"]
[White "pessoa"]
[Black "aormic"]
[Result "1/2-1/2"]
[WhiteElo "2034"]
[BlackElo "2321"]

1. d4 d5 2. g3 c6 3. Bf4 Nf6 4. Bxb8 Rxb8 5. e3 Bg4 6. f3 Bf5 7. g4 Bg6 8. Bd3
Qb6 9. Bxg6 hxg6 10. Qc1 e6 11. Ne2 Bd6 12. g5 Nd7 13. f4 c5 14. O-O cxd4 15.
exd4 Ke7 16. Nd2 Rbc8 17. Nf3 Qc7 18. c3 Nb6 19. Ne5 Rh7 20. Rf2 Rch8 21. Qc2
Nd7 22. Qa4 a6 23. Re1 Nf8 24. Qc2 Bxe5 25. fxe5 Rh5 26. Qd2 Nh7 27. Ng3 Rxg5
28. Qf4 Ke8 29. h4 Rxg3+ 30. Qxg3 Nf6 31. Rf3 Ne4 32. Qh2 Qe7 33. Rh3 Rh5 34.
Kf1 Rf5+ 35. Kg1 g5 36. Rf1 g4 37. Rxf5 exf5 38. Re3 g5 39. h5 Kf8 40. h6 Kg8
41. h7+ Kh8 42. Kf1 Qe6 43. Qh5 Nf6 44. Qxg5 Nxh7 45. Qf4 Nf8 46. Re2 Ng6 47.
Qg5 f4 48. Rh2+ Kg8 49. Rh4 Qc6 50. Ke1 Qb6 51. b4 Qc7 52. Kd2 Qc4 53. Rh1 Qxa2+
54. Kd3 Qc4+ 1/2-1/2

[Event "AUTO-MASTER-953"]
[Site "http://www.queenalice.com/game.php?id=681262"]
[Date "2009.11.11"]
[Round "1"]
[White "TheAlchemist"]
[Black "pessoa"]
[Result "1-0"]
[WhiteElo "2139"]
[BlackElo "2009"]

1. Nf3 Nc6 2. d4 d5 3. c4 Bg4 4. cxd5 Qxd5 5. Nc3 Qa5 6. e4 Rd8 7. d5 Ne5 8. Bf4
Nxf3+ 9. gxf3 Bd7 10. Qb3 Qb6 11. Nb5 Qa5+ 12. Qc3 Qxc3+ 13. bxc3 Bxb5 14. Bxb5+
c6 15. dxc6 a6 16. cxb7+ axb5 17. Bc7 e5 18. Bxd8 Bd6 19. Rd1 Bb8 20. Bb6 Ke7
21. Rd8 1-0

[Event "AUTO-MASTER-953"]
[Site "http://www.queenalice.com/game.php?id=681263"]
[Date "2009.11.11"]
[Round "1"]
[White "pessoa"]
[Black "TheAlchemist"]
[Result "1/2-1/2"]
[WhiteElo "2010"]
[BlackElo "2168"]

1. d4 e6 2. Nf3 f5 3. Bf4 Nf6 4. Bg5 Be7 5. Bxf6 Bxf6 6. e3 O-O 7. Bd3 b6 8. O-O
Bb7 9. c3 d6 10. Qa4 a6 11. Nbd2 g5 12. e4 g4 13. Ne1 Bg5 14. f4 gxf3 15. Nexf3
Be3+ 16. Kh1 fxe4 17. Nxe4 Nd7 18. Rae1 Bf4 19. Qb3 Qe7 20. Qd1 Kh8 21. g3 Bh6
22. Bc2 Nf6 23. Nxf6 Rxf6 24. Be4 Bxe4 25. Rxe4 Raf8 26. Qd3 Qf7 27. Kg2 c5 28.
dxc5 bxc5 29. Ra4 Qb7 30. b3 e5 31. Re4 a5 32. c4 a4 33. bxa4 Qa6 34. Qd1 Ra8
35. Rf2 Qxa4 36. Qd5 Raf8 37. Qd3 Qc6 38. Rg4 Qa8 39. h3 R8f7 40. Re4 Ra7 41.
Ree2 Ra3 42. Qd5 Qxd5 43. cxd5 Rd3 44. Nxe5 Rxf2+ 45. Kxf2 dxe5 46. Rxe5 c4 47.
a4 c3 48. Re8+ Kg7 49. Re7+ Kf8 50. Rc7 Bd2 51. a5 Rxd5 52. a6 Rd8 53. a7 Ra8
54. Ke2 Bh6 55. Kd3 c2 56. Kxc2 Be3 57. Rxh7 Rxa7 58. Rxa7 Bxa7 59. Kd3 Kg7 60.
g4 Kg6 61. h4 Bf2 62. h5+ Kg5 63. Ke2 Kxg4 64. Kxf2 Kxh5 65. Kg3 1/2-1/2

[Event "AUTO-MASTER-953"]
[Site "http://www.queenalice.com/game.php?id=681272"]
[Date "2009.11.11"]
[Round "1"]
[White "Catalin"]
[Black "pessoa"]
[Result "1/2-1/2"]
[WhiteElo "2219"]
[BlackElo "2039"]

1. e4 Nc6 2. d4 d5 3. Nc3 dxe4 4. d5 Nb8 5. Nxe4 Nf6 6. Nxf6+ exf6 7. Bc4 Bf5 8.
Ne2 Bc5 9. c3 O-O 10. b4 Bd6 11. O-O Nd7 12. Nd4 Bg6 13. Be3 Nb6 14. Bb3 a5 15.
a3 axb4 16. cxb4 Re8 17. Nf3 Ra6 18. Re1 Be4 19. Bxb6 Rxb6 20. Nd2 Bd3 21. Rc1
Rxe1+ 22. Qxe1 Ra6 23. Rc3 Bg6 24. Nc4 Bf4 25. g3 Bd6 26. Nxd6 cxd6 27. Bc4 Ra8
28. Re3 Bf5 29. Be2 Bd7 30. Rc3 Qe7 31. Qd2 Qe5 32. f4 Qe4 33. Bf3 Qb1+ 34. Rc1
Qb3 35. Rc3 Qb1+ 36. Rc1 Qg6 37. Qc3 Qf5 38. Ra1 Rc8 39. Qb3 g5 40. Bg2 gxf4 41.
Rf1 Bb5 42. Rxf4 Rc1+ 43. Kf2 Qh5 44. Qe3 Rc2+ 45. Kg1 Qd1+ 46. Bf1 Bxf1 47.
Rxf1 Qxd5 48. Qf3 Qd4+ 49. Kh1 Qd2 50. Qg4+ Kh8 51. Qh3 Qd5+ 52. Kg1 Qd4+ 53.
Kh1 Ra2 54. Qf5 Kg7 55. Rf4 Qc3 56. Rf3 Qc1+ 57. Rf1 Qc6+ 58. Rf3 Qc1+ 59. Rf1
Qc6+ 60. Rf3 Qc1+ 1/2-1/2

[Event "AUTO-MASTER-953"]
[Site "http://www.queenalice.com/game.php?id=681273"]
[Date "2009.11.11"]
[Round "1"]
[White "pessoa"]
[Black "Catalin"]
[Result "1-0"]
[WhiteElo "2016"]
[BlackElo "2192"]

1. e4 e5 2. Nf3 Nc6 3. Bc4 Bc5 4. O-O Nf6 5. d3 O-O 6. Bg5 d6 7. Nbd2 Bg4 8. h3
Bxf3 9. Nxf3 Na5 10. Bb5 c6 11. Ba4 b5 12. Bb3 a6 13. c3 Nxb3 14. axb3 Bb6 15.
b4 a5 16. bxa5 Bxa5 17. b4 Bc7 18. Rxa8 Qxa8 19. Bxf6 gxf6 20. Nh4 Kh8 21. Qh5
Bb6 22. Nf5 Qd8 23. Ra1 d5 24. Qh6 Rg8 25. Ra8 Bc7 26. Rxd8 Bxd8 27. g4 dxe4 28.
dxe4 c5 29. bxc5 Rg6 30. Qf8+ Rg8 31. Qxf7 1-0

[Event "AUTO-MASTER-960"]
[Site "http://www.queenalice.com/game.php?id=685534"]
[Date "2009.11.19"]
[Round "1"]
[White "Montfort"]
[Black "pessoa"]
[Result "0-1"]
[WhiteElo "1990"]
[BlackElo "2041"]

1. c4 Nf6 2. Nc3 g6 3. Nf3 d5 4. d4 Bg7 5. Bg5 Ne4 6. Nxe4 dxe4 7. Ng1 Bxd4 8.
Qc2 Bg7 9. Rd1 Nd7 10. Qxe4 Bxb2 11. Nf3 c5 12. Ne5 Bc3+ 13. Bd2 Bxe5 14. Bh6
Qa5+ 15. Bd2 Qxa2 16. e3 Qb2 17. Be2 Nf6 18. Qh4 Bf5 19. O-O Ne4 20. Bc1 Qxe2
21. f3 Nc3 22. Rd2 Qxe3+ 23. Kh1 Bf6 24. Qg3 Ne2 25. Qe1 Bd3 26. Rb2 Qxc1 27.
Rxe2 Qxc4 28. Ref2 Bxf1 29. Rxf1 Rd8 30. Qb1 Rd2 31. Rc1 Qe2 32. Rg1 Bd4 33. h3
Bxg1 34. Qxg1 Rd1 35. Kh2 Rxg1 36. Kg3 Qxg2+ 37. Kf4 Qe2 38. h4 e5# 0-1

[Event "AUTO-MASTER-960"]
[Site "http://www.queenalice.com/game.php?id=685535"]
[Date "2009.11.19"]
[Round "1"]
[White "pessoa"]
[Black "Montfort"]
[Result "1-0"]
[WhiteElo "2060"]
[BlackElo "1986"]

1. e4 e6 2. d4 d5 3. Nd2 Be7 4. Ngf3 Nf6 5. Bd3 dxe4 6. Nxe4 Nbd7 7. c3 Nxe4 8.
Bxe4 Nf6 9. Bd3 O-O 10. O-O b6 11. Ne5 Bb7 12. Bg5 Qd5 13. f3 c5 14. Bxf6 Bxf6
15. Be4 Qd6 16. Bxb7 Rad8 17. Ng4 Be7 18. Qa4 cxd4 19. Qxd4 Qc7 20. Qe4 f5 21.
Qxe6+ Kh8 22. Qc6 Qxc6 23. Bxc6 fxg4 24. fxg4 Bc5+ 25. Kh1 g6 26. Rxf8+ Rxf8 27.
Rd1 Rf2 28. b4 Be3 29. Rd8+ Kg7 30. Rd7+ Kh6 31. h4 Rxa2 32. Be4 a5 33. bxa5
Ra1+ 34. Kh2 Bf4+ 35. g3 Ra2+ 36. Kh3 Bd2 37. axb6 Bxc3 38. g5+ Kh5 39. Rxh7#
1-0

[Event "AUTO-MASTER-960"]
[Site "http://www.queenalice.com/game.php?id=685552"]
[Date "2009.11.19"]
[Round "1"]
[White "pessoa"]
[Black "RDario"]
[Result "1-0"]
[WhiteElo "2073"]
[BlackElo "1743"]

1. d4 c6 2. e3 d5 3. c4 Nf6 4. Nc3 dxc4 5. Bxc4 e6 6. Nf3 Nbd7 7. a3 b5 8. Bd3
Bb7 9. e4 c5 10. Bxb5 Be7 11. dxc5 Qc7 12. b4 O-O 13. Qe2 Bc6 14. Bxc6 Qxc6 15.
O-O a6 16. Bg5 h6 17. Bf4 Nh5 18. Nd4 Nxf4 19. Nxc6 Nxe2+ 20. Nxe2 Bf6 21. Rad1
Ne5 22. Nxe5 Bxe5 23. f4 Bf6 24. e5 Be7 25. Rd7 Rfe8 26. c6 a5 27. Rb1 axb4 28.
axb4 Rab8 29. c7 Bxb4 30. cxb8=Q Rxb8 31. Rd4 Bc5 32. Rxb8+ Kh7 33. Kf1 Bxd4 34.
Nxd4 g5 35. Nxe6 fxe6 36. f5 1-0

[Event "AUTO-MASTER-960"]
[Site "http://www.queenalice.com/game.php?id=685553"]
[Date "2009.11.19"]
[Round "1"]
[White "RDario"]
[Black "pessoa"]
[Result "0-1"]
[WhiteElo "1776"]
[BlackElo "2055"]

1. c4 Nf6 2. g3 e6 3. Bg2 d5 4. cxd5 exd5 5. d4 Nc6 6. Nf3 Bb4+ 7. Nc3 Ne4 8.
Bd2 Bxc3 9. bxc3 O-O 10. O-O Bf5 11. Nh4 Be6 12. f4 Qf6 13. Bxe4 dxe4 14. f5 Bc4
15. Bf4 Rac8 16. Qd2 h6 17. Rf2 b5 18. Ng2 b4 19. Ne3 bxc3 20. Qxc3 Bxe2 21.
Rxe2 Nxd4 22. Kf2 Rfd8 23. Ng4 Qxf5 24. Ne3 Nxe2 25. Kxe2 Qh3 26. Rh1 Qh5+ 27.
g4 Qb5+ 28. Kf2 Rd3 29. Qc1 Qa5 30. Nc4 Qxa2+ 31. Bd2 e3+ 32. Nxe3 Qxd2+ 33.
Qxd2 Rxd2+ 34. Kf3 Re8 35. Nf5 Rd3+ 36. Kf4 g5# 0-1

[Event "AUTO-MASTER-960"]
[Site "http://www.queenalice.com/game.php?id=685554"]
[Date "2009.11.19"]
[Round "1"]
[White "pessoa"]
[Black "GMLuizFernandes"]
[Result "0-1"]
[WhiteElo "2051"]
[BlackElo "2153"]

1. e4 d5 2. exd5 Qxd5 3. Nc3 Qa5 4. d4 c6 5. Nf3 Nf6 6. Bc4 Bf5 7. O-O e6 8. Bg5
Be7 9. Re1 Nbd7 10. a3 h6 11. b4 Qd8 12. Bh4 O-O 13. Bd3 Bxd3 14. Qxd3 Nd5 15.
Bxe7 Nxe7 16. Ne4 Nb6 17. c4 Qd7 18. Ne5 Qc8 19. Nd6 Qc7 20. Ndxf7 Rxf7 21. Nxf7
Kxf7 22. Qf3+ Kg8 23. Qe4 Nf5 24. c5 Nd5 25. Qxe6+ Qf7 26. Qxf7+ Kxf7 27. Rad1
Rd8 28. Re5 Kf6 29. Ree1 Nc7 30. f3 Nxd4 31. Kf2 Rd5 32. Re4 Nc2 33. Rf4+ Kg6
34. Rg4+ Kh7 35. Rxd5 Nxd5 36. Ke2 Nxa3 37. Kd3 Kg8 38. Rd4 b6 39. h4 b5 40.
Rxd5 cxd5 41. c6 Nc4 42. Kd4 Nb6 43. c7 Kf7 44. c8=N Nxc8 45. Kxd5 Ne7+ 46. Kc5
a6 47. Kb6 Nd5+ 48. Kxa6 Nxb4+ 49. Kxb5 Nc2 0-1

[Event "AUTO-MASTER-960"]
[Site "http://www.queenalice.com/game.php?id=685555"]
[Date "2009.11.19"]
[Round "1"]
[White "GMLuizFernandes"]
[Black "pessoa"]
[Result "1/2-1/2"]
[WhiteElo "2081"]
[BlackElo "2039"]

1. e4 c5 2. Nf3 Nc6 3. d4 cxd4 4. Nxd4 Nf6 5. Nc3 e6 6. Bg5 Qa5 7. Be3 Nxe4 8.
Nxc6 dxc6 9. Bd2 Nxc3 10. Bxc3 Bb4 11. Qd2 Bxc3 12. bxc3 e5 13. Bd3 Be6 14. O-O
f6 15. Rab1 O-O-O 16. Qe3 Kc7 17. c4 b6 18. Kh1 Rd4 19. f4 Rhd8 20. Rb2 Bxc4 21.
Bxc4 Rxc4 22. fxe5 Qxe5 23. Qxe5+ fxe5 24. Kg1 Rd7 25. Re1 e4 26. Kf2 a5 27. Ke3
b5 28. Re2 b4 29. h3 Rc3+ 30. Kf2 Rf7+ 31. Ke1 Rc4 32. Rb3 Kd6 33. Rg3 c5 34.
Rg4 Ke5 35. Rg5+ Ke6 36. Rg4 Ke5 37. Rg5+ Ke6 38. Rg4 Ke5 1/2-1/2

[Event "Challenge"]
[Site "http://www.queenalice.com/game.php?id=733891"]
[Date "2010.2.18"]
[Round "-"]
[White "pessoa"]
[Black "jorm"]
[Result "0-1"]
[WhiteElo "2076"]
[BlackElo "1843"]

1. d4 d5 2. Nf3 Nf6 3. Bf4 Ne4 4. e3 a6 5. Bd3 c6 6. O-O h6 7. Bxb8 Rxb8 8. Ne5
Bf5 9. c4 e6 10. c5 Qg5 11. Qf3 f6 12. g4 fxe5 0-1

[Event "AUTO-MASTER-960"]
[Site "http://www.queenalice.com/game.php?id=761393"]
[Date "2010.4.15"]
[Round "2"]
[White "GMLuizFernandes"]
[Black "pessoa"]
[Result "0-1"]
[WhiteElo "2084"]
[BlackElo "2063"]

1. e4 c5 2. Nf3 e6 3. Nc3 Nc6 4. Be2 g6 5. d4 cxd4 6. Nxd4 Bc5 7. Be3 Qb6 8.
Ndb5 Bxe3 9. fxe3 Kf8 10. Qd6+ Nge7 0-1

[Event "AUTO-MASTER-960"]
[Site "http://www.queenalice.com/game.php?id=761394"]
[Date "2010.4.15"]
[Round "2"]
[White "pessoa"]
[Black "gedanix"]
[Result "1/2-1/2"]
[WhiteElo "2046"]
[BlackElo "2105"]

1. d4 e6 2. Nf3 c5 3. e3 Nf6 4. c4 a6 5. Nc3 d5 6. cxd5 Nxd5 7. e4 cxd4 8. Nxd5
exd5 9. Qxd4 Be6 10. exd5 Qxd5 11. Be2 Nc6 12. Qxd5 Bxd5 13. O-O Be7 14. Bf4 Bf6
15. Rae1 O-O 16. b3 Rfe8 17. Bd3 Bxf3 18. gxf3 Nd4 19. Kg2 Ne6 20. Be3 Be5 21.
Be4 Rab8 22. Rd1 b5 23. Rd7 Bc7 24. Rc1 Bb6 25. Rc6 Bxe3 26. fxe3 a5 27. Bd5 b4
28. e4 g5 29. Bxe6 Rxe6 30. Rc5 Ra8 1/2-1/2

[Event "AUTO-MASTER-960"]
[Site "http://www.queenalice.com/game.php?id=761395"]
[Date "2010.4.15"]
[Round "2"]
[White "gedanix"]
[Black "pessoa"]
[Result "1-0"]
[WhiteElo "2093"]
[BlackElo "2048"]

1. e4 c5 2. Nf3 e6 3. d4 cxd4 4. Nxd4 Nf6 5. Nc3 d6 6. Be2 a6 7. O-O Nbd7 8. Bg5
Be7 9. Qd3 Nc5 10. Qf3 h6 11. Bd2 Qb6 12. Nb3 Nxb3 13. axb3 Bd7 14. Be3 Qb4 15.
Rfd1 e5 16. Qg3 g6 17. f3 Kd8 18. Ra3 Rc8 19. Na2 Nxe4 20. fxe4 Qxe4 21. c4 Ke8
22. Nc3 Qc2 23. Rb1 h5 24. Rf1 Qxb2 25. Bc1 Qc2 26. Qe3 Bc6 27. Rf2 Bh4 28. g3
Bg5 29. Qxg5 Qxc3 30. Qf6 Qxc1+ 31. Rf1 Qe3+ 32. Rf2 Rf8 33. Qxd6 1-0

[Event "AUTO-MASTER-960"]
[Site "http://www.queenalice.com/game.php?id=761396"]
[Date "2010.4.15"]
[Round "2"]
[White "pessoa"]
[Black "wiking"]
[Result "0-1"]
[WhiteElo "2062"]
[BlackElo "2057"]

1. d4 Nf6 2. Nf3 c5 3. e3 b6 4. c4 e6 5. Nc3 cxd4 6. exd4 Bb7 7. Bd3 Be7 8. O-O
d5 9. cxd5 Nxd5 10. Nxd5 Bxd5 11. Ne5 O-O 12. Qh5 g6 13. Qf3 Bxf3 14. Nxf3 Qd6
15. Be4 Nc6 16. Bh6 Rfd8 17. Ne5 Nxd4 18. Bxa8 Qxe5 19. Bb7 g5 20. f4 Ne2+ 21.
Kh1 Nxf4 22. Rac1 Nxg2 23. Bxg2 Bd6 24. Kg1 Qxh2+ 25. Kf2 Bg3+ 26. Kf3 Bf4 27.
Rfd1 Qg3+ 28. Ke2 Qxg2+ 29. Ke1 Bg3# 0-1

[Event "AUTO-MASTER-960"]
[Site "http://www.queenalice.com/game.php?id=761397"]
[Date "2010.4.15"]
[Round "2"]
[White "wiking"]
[Black "pessoa"]
[Result "1-0"]
[WhiteElo "2022"]
[BlackElo "2080"]

1. b4 e5 2. Bb2 f6 3. e4 Bxb4 4. Bc4 Ne7 5. Qh5+ g6 6. Qf3 Nec6 7. Ne2 Bc5 8.
O-O Na6 9. a3 Nab8 10. Nbc3 Na5 11. Bd5 c6 12. Ba2 b5 13. d4 exd4 14. Nd1 Nc4
15. Bxc4 bxc4 16. Nxd4 Ba6 17. Bc3 O-O 18. Ne3 Qe7 19. Rfd1 Bc8 20. Ndf5 gxf5
21. Nxf5 Qe6 22. Qg4+ Kf7 23. Qh5+ Kg8 24. Nh6+ Kh8 25. Qxc5 Qe8 26. Rd6 Qe7 27.
Rxf6 Kg7 28. Qg5+ 1-0

[Event "Challenge"]
[Site "http://www.queenalice.com/game.php?id=776450"]
[Date "2010.5.16"]
[Round "-"]
[White "caterina"]
[Black "pessoa"]
[Result "1-0"]
[WhiteElo "2108"]
[BlackElo "2062"]

1. e4 c5 2. Nc3 e6 3. Nf3 Nc6 4. d4 cxd4 5. Nxd4 Qc7 6. Be3 Nf6 7. Qf3 Nxd4 8.
Bxd4 e5 9. Qg3 d6 10. Be3 Bd7 11. O-O-O Rc8 12. Bd3 Qa5 13. Bd2 Be7 14. Qxg7 Rg8
15. Qh6 Rxg2 16. Kb1 Rxf2 17. Rhf1 Ng4 18. Qxh7 Rxf1 19. Qg8+ Bf8 20. Rxf1 Nh6
21. Bxh6 Be6 22. Rxf7 Bxf7 23. Qxf8+ Kd7 24. Qxf7+ Kd8 25. Bg5# 1-0